juventus squad 2022-23 - Statistics

General Stats
  • This quiz has been taken 29 times
  • The average score is 17 of 26
Answer Stats
position nation player % Correct
MF Columbia Cuadrado
96%
FW Argentina Di Maria
89%
FW Serbia Vlahovic
89%
FW Poland Milik
85%
MF France Rabiot
85%
DF Italy Bonucci
81%
DF Brazil Sandro
81%
DF Brazil Bremer
78%
FW Italy Chiesa
78%
GK Poland Szczesny
78%
DF Brazil Danilo
74%
MF Argentina Paredes
70%
FW Serbia Kostic
67%
MF France Pogba
67%
FW Italy Kean
63%
MF Italy Locatelli
63%
DF Italy Rugani
63%
MF Italy Fagioli
56%
DF Italy Gatti
56%
MF Italy Miretti
56%
FW Argentina Soule
56%
DF Italy De Sciglio
52%
FW England Iling Junior
33%
MF Argentina Barrenechea
30%
DF Italy Perin
26%
DF Italy Pinsoglio
22%
No matching quizzes found
Score Distribution
Percent of People with Each Score
Percentile by Number Answered
Your Score History
You have not taken this quiz